000 00851nam a22002177a 4500
999 _c27268
_d27268
003 BDDh-ASL
005 20231015030739.0
008 211011s1998 b ||||| |||| 00| 0 b d
040 _cBDDh-ASL
082 _a955.0542
_bFAI
100 1 _95501
_aফায়েকউজ্জামান, মোঃ
245 1 0 _aইরান-ইরাক বিরোধ ও সাম্প্রতিক যুদ্ধ /
246 _aIran-Iraq Birodh O Sampratik Juddha
260 _aঢাকা:
_bবাংলা একাডেমি,
_c১৯৯৮।
300 _a১৫০ পৃষ্ঠা, :
_c২২ সে. মি.
504 _aগ্রন্থপঞ্জি সংযুক্ত ।
650 0 _94586
_aHistory (ইতিহাস)
651 0 _95502
_aIran (ইরান)
651 0 _95503
_aIraq (ইরাক)
942 _2ddc
_cBK